الكهرباء / (رقم التسجيلة. 52445)
[ عرض عادي ]
| 000 -LEADER | |
|---|---|
| fixed length control field | 00528nam a22001817a 4500 |
| 005 - DATE AND TIME OF LATEST TRANSACTION | |
| control field | 20251108170930.0 |
| 008 - FIXED-LENGTH DATA ELEMENTS--GENERAL INFORMATION | |
| fixed length control field | 250721s1996 xx 000 0 ara d |
| 082 14 - DEWEY DECIMAL CLASSIFICATION NUMBER | |
| Classification number | ط/537/مطل |
| 100 1# - MAIN ENTRY--PERSONAL NAME | |
| Personal name | مطلق، ألبير |
| 245 10 - TITLE STATEMENT | |
| Title | الكهرباء / |
| 264 1# - PRODUCTION, PUBLICATION, DISTRIBUTION, MANUFACTURE, AND COPYRIGHT NOTICE | |
| Place of production, publication, distribution, manufacture | بيروت : |
| Name of producer, publisher, distributor, manufacturer | مكتبة لبنان، |
| Date of production, publication, distribution, manufacture, or copyright notice | 1996. |
| 300 ## - PHYSICAL DESCRIPTION | |
| Extent | 29ص |
| 490 0# - SERIES STATEMENT | |
| Series statement | كتب الفراشة : تجارب علمية مبسطة |
| 650 17 - SUBJECT ADDED ENTRY--TOPICAL TERM | |
| Topical term or geographic name as entry element | الكهرباء |
| 653 ## - INDEX TERM--UNCONTROLLED | |
| Uncontrolled term | ناشاون صغار(10-14) سنه |
| 942 ## - ADDED ENTRY ELEMENTS (KOHA) | |
| Source of classification or shelving scheme | Dewey Decimal Classification |
| Koha item type | كتب |
| حالة السحب | حالة الفقدان | مصدر التصنيف | حالة التلف | غير قابل للإعارة | المكتبة الرئيسية | المكتبة الحالية | موقع الرف | تاريخ التزويد | الرقم المتسلسل | Total Checkouts | رقم الإستدعاء | تاريخ آخر ظهور | تاريخ الفاتورة | نوع المادة (كوها) | الباركود |
|---|---|---|---|---|---|---|---|---|---|---|---|---|---|---|---|
| Dewey Decimal Classification | مكتبة قتيبة للأطفال | مكتبة قتيبة للأطفال | الأطفال | 11/02/2018 | 1667304 | ط/537/مطل | 28/07/2025 | 11/02/2018 | كتب | PLD00417301 | |||||
| Dewey Decimal Classification | مكتبة الأميرة سلمى | مكتبة الأميرة سلمى | الأطفال | 28/07/2025 | 568314 | ط/537/مطل | 28/07/2025 | 28/07/2025 | كتب | 568314 | |||||
| Dewey Decimal Classification | مكتبة البراعم الواعدة | مكتبة البراعم الواعدة | الأطفال | 07/07/2015 | 1601009 | ط/537/مطل | 28/07/2025 | 07/07/2015 | كتب | PLD00336659 | |||||
| Dewey Decimal Classification | مكتبة الراية الهاشمية للأطفال | مكتبة الراية الهاشمية للأطفال | الأطفال | 28/07/2025 | 297017 | ط/537/مطل | 28/07/2025 | 28/07/2025 | كتب | 297017 | |||||
| Dewey Decimal Classification | مكتبة الياسمين للأطفال | مكتبة الياسمين للأطفال | الأطفال | 03/04/2014 | 557036 | ط/537/مطل | 28/07/2025 | 03/04/2014 | كتب | PLD00297792 | |||||
| Dewey Decimal Classification | مكتبة بدر الجديدة للأطفال | مكتبة بدر الجديدة للأطفال | الإعارة | 28/07/2025 | 400720 | ط/537/مطل | 28/07/2025 | 28/07/2025 | كتب | 400720 | |||||
| Dewey Decimal Classification | Unchecked | مكتبةمؤتة | مكتبةمؤتة | الأطفال | 06/07/2004 | 938 | ط/537/مطل | 28/07/2025 | 06/07/2004 | كتب |